<?xml version="1.0" encoding="UTF-8"?>
<collection xmlns="http://www.loc.gov/MARC21/slim">
  <record>
    <leader>00000nam  2200000   4500</leader>
    <controlfield tag="001">INLIS000000000051538</controlfield>
    <controlfield tag="005">20200914112445</controlfield>
    <datafield tag="035" ind1="#" ind2="#">
      <subfield code="a">0010-0917000342</subfield>
    </datafield>
    <controlfield tag="007">ta</controlfield>
    <controlfield tag="008">200914###########################0######</controlfield>
    <datafield tag="020" ind1="#" ind2="#">
      <subfield code="a">978-602-978-801-3</subfield>
    </datafield>
    <datafield tag="082" ind1="#" ind2="#">
      <subfield code="a">305.9</subfield>
    </datafield>
    <datafield tag="084" ind1="#" ind2="#">
      <subfield code="a">305.9 -Put-k</subfield>
    </datafield>
    <datafield tag="100" ind1=" " ind2="#">
      <subfield code="a">Sitiatava Rizema putra</subfield>
    </datafield>
    <datafield tag="245" ind1="1" ind2="#">
      <subfield code="a">Komonitas-komonitas ekstrem di dunia</subfield>
    </datafield>
    <datafield tag="260" ind1="#" ind2="#">
      <subfield code="a">Jogjakarta :</subfield>
      <subfield code="b">Flashbooks,</subfield>
      <subfield code="c">2011</subfield>
    </datafield>
    <datafield tag="300" ind1="#" ind2="#">
      <subfield code="a">203 Hlm :</subfield>
      <subfield code="b">illus ;</subfield>
      <subfield code="c">21 Cm</subfield>
    </datafield>
    <datafield tag="990" ind1="#" ind2="#">
      <subfield code="a">01201711789</subfield>
    </datafield>
  </record>
</collection>
